|
|
|
|
| LEADER |
00000cam a2200000 a 4500 |
| 001 |
vtls008317702 |
| 003 |
SK-MaSNL |
| 005 |
20260302053127.0 |
| 008 |
230501s1965 xo a d p 000 0 slo |
| 015 |
|
|
|a SNBA1965/03-00615
|
| 020 |
|
|
|q (viaz.)
|
| 035 |
|
|
|a SK01SNK19650009919
|
| 035 |
|
|
|a A78057DD-6398-4C52-98AE-B9111A08827F
|
| 035 |
|
|
|a urn:nbn:sk:snk-am00ifmc
|
| 035 |
|
|
|a SKM000012382
|
| 040 |
|
|
|a SNK
|b slo
|c SNK
|e AACR2
|
| 041 |
1 |
|
|a slo
|h cze
|
| 044 |
|
|
|a xo
|c SK
|
| 080 |
|
|
|a 621-21/-26(075.3)
|2 1981
|
| 100 |
1 |
|
|a Bartoš, Josef
|4 aut
|9 7103
|
| 240 |
1 |
0 |
|a Strojní součásti
|l Slovensky
|
| 245 |
1 |
0 |
|a Strojové súčiastky II
|c Josef Bartoš, Vítězslav Novák ; z českého originálu Strojní součásti II ... preložil Ľubomír Švec
|
| 250 |
|
|
|a 3. opr. vyd.
|
| 260 |
|
|
|a Bratislava
|b Slovenské vydavateľstvo technickej literatúry
|c 1965
|e Brno
|f Tisk 1
|
| 300 |
|
|
|a 342, [1] s.
|b ilustr., grafy, sch., tab.
|c 8°
|
| 366 |
|
|
|e 3300 výtl.
|
| 490 |
1 |
|
|a Edícia strojárskej literatúry
|
| 650 |
0 |
7 |
|a stroje
|2 SNKPH
|9 3551
|
| 650 |
0 |
7 |
|a strojové súčiastky
|2 SNKPH
|9 116860
|
| 655 |
|
7 |
|a učebnice stredných škôl
|2 SNKPH
|9 69323
|
| 700 |
1 |
|
|a Novák, Vítězslav
|4 aut
|9 196178
|
| 700 |
1 |
|
|a Švec, Ľubomír
|4 trl
|9 308081
|
| 830 |
|
0 |
|a Edícia strojárskej literatúry
|9 266612
|
| 852 |
|
|
|a Slovenská národná knižnica
|
| 954 |
|
|
|a odborná, vedecká literatúra cudzojazyčná (svetová)
|2 lita
|
| 958 |
|
|
|a RK
|
| 958 |
|
|
|a OND
|
| 958 |
|
|
|a UC
|
| 958 |
|
|
|a CZ
|
| 958 |
|
|
|a OP
|
| 958 |
|
|
|a EUIPO
|
| 999 |
|
|
|c 1108121
|d 1110051
|
| 952 |
|
|
|a SNK
|b SNK
|y PREZ
|7 0
|p 17A0882578
|o snkSC 18240/2
|i snkKSP 969/65
|0 0
|1 0
|4 0
|d 2021-09-30
|f 1
|l 0
|r 2025-07-25 00:00:00
|w 2026-02-24
|
| 952 |
|
|
|a SNK
|b SNK
|y VYP
|7 0
|o snkSC 18240/2 D1
|0 0
|1 0
|4 0
|d 2021-09-30
|l 0
|r 2026-02-24 17:51:56
|w 2026-02-24
|